MyGZULibrary

The globalization of world politics : (Record no. 2994)

MARC details
000 -LEADER
fixed length control field 03050cam a22003374a 4500
001 - CONTROL NUMBER
control field 15033408
003 - CONTROL NUMBER IDENTIFIER
control field GZU
005 - DATE AND TIME OF LATEST TRANSACTION
control field 20201112094125.0
008 - FIXED-LENGTH DATA ELEMENTS--GENERAL INFORMATION
fixed length control field 071004s2008 nyuab b 001 0 eng
010 ## - LIBRARY OF CONGRESS CONTROL NUMBER
LC control number 2007040813
020 ## - INTERNATIONAL STANDARD BOOK NUMBER
International Standard Book Number 9780199297771
040 ## - CATALOGING SOURCE
Original cataloging agency DLC
Transcribing agency DLC
Modifying agency DLC
050 00 - LIBRARY OF CONGRESS CALL NUMBER
Classification number JZ1242
Item number .G58 2008
082 00 - DEWEY DECIMAL CLASSIFICATION NUMBER
Classification number 327
Edition number 22
245 04 - TITLE STATEMENT
Title The globalization of world politics :
Remainder of title an introduction to international relations /
Statement of responsibility, etc. John Baylis, Steve Smith, Patricia Owens.
250 ## - EDITION STATEMENT
Edition statement 4th ed.
260 ## - PUBLICATION, DISTRIBUTION, ETC.
Place of publication, distribution, etc. New York, :
Name of publisher, distributor, etc. Oxford University Press,
Date of publication, distribution, etc. 2008.
300 ## - PHYSICAL DESCRIPTION
Extent xxxix, 622 p. :
Other physical details col. ill., col. maps ;
Dimensions 27 cm.
504 ## - BIBLIOGRAPHY, ETC. NOTE
Bibliography, etc. note Includes bibliographical references (p. [591]-605) and index.
505 0# - FORMATTED CONTENTS NOTE
Formatted contents note Globalization and global politics / Anthony McGrew -- The evolution of international society / David Armstrong -- International history, 1900-90 / Len Scott -- From the cold war to the war on terror / Michael Cox -- Realism / Tim Dunne and Brian C. Schmidt -- Liberalism / Tim Dunne -- Contemporary mainstream approaches : neo-realism and neo-liberalism / Steven L. Lamy -- Marxist theories of international relations / Stephen Hobden and Richard Wyn Jones -- Social constructivism / Michael Barnett -- Alternative approaches to international theory / Steve Smith and Patricia Owens -- International ethics / Richard Shapcott -- The changing character of war / Mike Sheehan -- International and global security / John Baylis -- International political economy in an age of globalization / Ngaire Woods -- Gender in world politics / J. Ann Tickner -- International law / Christian Reus-Smit -- International regimes / Richard Little -- The United Nations / Paul Taylor and Devon Curtis -- Transnational actors and international organizations in global politics / Peter Willetts -- Environmental issues / John Vogle -- Terrorism and globalization / James D. Kiras -- Nuclear proliferation / Darryl Howlett -- Nationalism / John Breuilly -- Culture in world affairs / Simon Murden -- Regionalism in international affairs / Edward Best and Thomas Christiansen -- Global trade and finance / Jan Aart Scholte -- Poverty, development, and hunger / Caroline Thomas -- Human security / Amitav Acharya -- Human rights / Chris Brown -- Humanitarian intervention in world politics / Alex J. Bellamy and Nicholas J. Wheeler -- Globalization and the transformation of political community / Andrew Linklater -- Globalization and the post-cold war order / Ian Clark.
650 #0 - SUBJECT ADDED ENTRY--TOPICAL TERM
Topical term or geographic name entry element International relations
Form subdivision Textbooks.
650 #0 - SUBJECT ADDED ENTRY--TOPICAL TERM
Topical term or geographic name entry element World politics
Chronological subdivision 1989-
Form subdivision Textbooks.
700 1# - ADDED ENTRY--PERSONAL NAME
Personal name Baylis, John,
Dates associated with a name 1946-
700 1# - ADDED ENTRY--PERSONAL NAME
Personal name Smith, Steve,
Dates associated with a name 1952-
700 1# - ADDED ENTRY--PERSONAL NAME
Personal name Owens, Patricia,
Dates associated with a name 1975-
856 41 - ELECTRONIC LOCATION AND ACCESS
Materials specified Table of contents only
Uniform Resource Identifier <a href="http://www.loc.gov/catdir/toc/ecip082/2007040813.html">http://www.loc.gov/catdir/toc/ecip082/2007040813.html</a>
906 ## - LOCAL DATA ELEMENT F, LDF (RLIN)
a 7
b cbc
c orignew
d 1
e ecip
f 20
g y-gencatlg
942 ## - ADDED ENTRY ELEMENTS (KOHA)
Source of classification or shelving scheme Library of Congress Classification
Koha item type Books
Edition 4th ed.
Classification part 1242
Item part BAY
Call number prefix JZ
Call number suffix 2007
Holdings
Withdrawn status Lost status Damaged status Not for loan Collection code Home library Current library Shelving location Date acquired Total Checkouts Full call number Barcode Date last seen Date last checked out Copy number Price effective from Koha item type
        Non-fiction City Campus Library City Campus Library General Stacks 11/12/2020 1 JZ1242 BAY 2007 027334 11/07/2023 11/06/2023 c.1 11/12/2020 Books